| 000 | 00655nam a22002297a 4500 | ||
|---|---|---|---|
| 005 | 20260515114855.0 | ||
| 008 | 201205b ||||| |||| 00| 0 eng d | ||
| 020 | _a9789382976837 | ||
| 040 |
_aIN-DiNC _cIN-DiNC |
||
| 041 | _deng | ||
| 082 |
_a320.540954 _bSAR |
||
| 100 |
_aSarkar, Tanusree _eauthor |
||
| 245 |
_aNationalism in India/ _cby Tanusree Sarkar, Plabita Das and Neha Pawar Singh |
||
| 250 | _a1st ed. | ||
| 260 |
_aGolaghat: _bSaraswati prakashan, _c2020 |
||
| 300 | _a254p. | ||
| 650 | _aPolitical science | ||
| 650 | _aPolitical theory | ||
| 700 |
_aDas, Plabita _eauthor |
||
| 700 |
_aSingh, Neha Pawar _eauthor |
||
| 942 |
_2ddc _cBK |
||
| 999 |
_c11095 _d11095 |
||